К вопросу о форме волны яркости электролюминесцирующей ячейки; Тезисы докладов на межвузовской научно-технической конференции по пробою диэлектриков и полупроводников

Dades bibliogràfiques
Parent link:Тезисы докладов на межвузовской научно-технической конференции по пробою диэлектриков и полупроводников.— 1963.— С. 49
Autor principal: Работкин В. Л.
Idioma:rus
Publicat: 1963
Matèries:
Format: MixedMaterials Capítol de llibre
KOHA link:https://koha.lib.tpu.ru/cgi-bin/koha/opac-detail.pl?biblionumber=194192

MARC

LEADER 00000naa2a2200000 4500
001 194192
005 20231031182218.0
035 |a (RuTPU)RU\TPU\book\211795 
035 |a RU\TPU\tpu\1001 
090 |a 194192 
100 |a 20110407d1963 k y0rusy50 ca 
101 0 |a rus 
102 |a RU 
200 1 |a К вопросу о форме волны яркости электролюминесцирующей ячейки  |f В. Л. Работкин 
463 0 |0 (RuTPU)RU\TPU\book\187258  |t Тезисы докладов на межвузовской научно-технической конференции по пробою диэлектриков и полупроводников  |f Томский политехнический институт (ТПИ)  |v С. 49  |d 1963  |p 83 с. 
610 1 |a физика 
610 1 |a труды учёных ТПУ 
700 1 |a Работкин  |b В. Л. 
801 0 |a RU  |b 63413507  |c 20011210  |g PSBO 
801 2 |a RU  |b 63413507  |c 20110407  |g PSBO 
942 |c BK